[Event "AUS-ch Major"]
[Site "Cammeray"]
[Date "2018.01.05"]
[Round "5"]
[White "Anup, Kumar S"]
[Black "Talpade, Udit"]
[Result "1-0"]
[WhiteElo "1828"]
[BlackElo "1679"]
[PlyCount "109"]
[EventDate "2018.01.02"]
[EventType "swiss"]
[EventRounds "11"]
[EventCountry "AUS"]
[SourceTitle "CBM 182 Extra"]
[Source "ChessBase"]
[SourceDate "2018.02.23"]
[SourceVersion "1"]
[SourceVersionDate "2018.02.23"]
[SourceQuality "1"]

1. d4 d5 2. c4 c6 3. Nc3 Nf6 4. e3 e6 5. Nf3 Be7 6. Bd3 0-0 7. 0-0 c5 8. b3 cxd4 9. Nxd4 Nc6 10. Nxc6 bxc6 11. Bb2 e5 12. cxd5 cxd5 13. Rc1 e4 14. Bb5 Bg4 15. Qd4 Qd6 16. h3 Be6 17. Ne2 Qb6 18. Qxb6 axb6 19. a4 Bc5 20. Nf4 Rfd8 21. Rfd1 Rac8 22. Ba6 Ra8 23. Bb7 Ra7 24. Bc6 Rc7 25. Bb5 Rcc8 26. Be5 Ba3 27. Rxc8 Rxc8 28. Bxf6 gxf6 29. Nxe6 fxe6 30. Bd7 Rc1 31. Rxc1 Bxc1 32. Bxe6+ Kg7 33. Bxd5 f5 34. Bc4 Kg6 35. b4 Bd2 36. b5 Kf6 37. Kf1 Ke5 38. Bg8 h6 39. Ke2 Bb4 40. Kd1 Bc5 41. Kd2 Bb4+ 42. Ke2 Bc5 43. f3 f4 44. fxe4 fxe3 45. Kf3 Kd4 46. Bb3 Kc3 47. Bd1 Kd2 48. Be2 Bd4 49. g4 Bg7 50. h4 Bf8 51. h5 Be7 52. a5 bxa5 53. b6 Bd8 54. b7 Bc7 55. g5 1-0